Nederlandse Atletiekhelden: Herken Jij Ze? (Gemiddeld) - Statistics

General Stats
  • This quiz has been taken 7 times
  • The average score is 20 of 40
Answer Stats
Picture Hint Answer % Correct
400m Laura de Witte
86%
400m Lisanne de Witte
86%
400m Eveline Saalberg
71%
110m Horden Gregory Sedoc
71%
1500m, 5000m Mike Foppen
71%
Marathon Abdi Nageeye
57%
400m, 400m Horden Cathelijn Peeters
57%
1500m, 5000m Diane van Es
57%
100m, 200m Hensley Paulina
57%
Hoogspringen Jin van der Lee
57%
100m Joris van Gool
57%
100m, 200m Marije van Hunenstijn
57%
400m Myrte van der Schoot
57%
100m N'ketia Seedo
57%
Discuswerpen, Kogelstoten Ruben Rolvink
57%
Polsstokspringen Rutger Koppelaar
57%
100m, 200m Tasa Jiya
57%
400m Terrence Agard
57%
100m, 200m Timo Spiering
57%
Discuswerpen, Kogelstoten Yannick Rolvink
57%
200m, 400m Britt de Blaauw
43%
Verspringen Damian Felter
43%
Verspringen, Hink-Stap-Springen Fabian Biondina
43%
Hoogspringen Glenka Antonia
43%
400m Isayah Boers
43%
200m, 400m Jaimie Omalla
43%
Verspringen Justin Sluijter
43%
100m Horden Maayke Tjin A-Lim
43%
100m, 200m Onyema Adigida
43%
Meerkamp Pieter Braun
43%
Speerwerpen Ryan Jansen
43%
Meerkamp Daan Roosenschoon
29%
Hink-Stap-Springen Fabian Florant
29%
110m Horden Jamie Sesay
29%
Meerkamp Léon Mak
29%
110m Horden Mark Heiden
29%
Hink-Stap-Springen Maureen Herremans
29%
100m Maurice Afognon
29%
Meerkamp Melchior Treffers
29%
Verspringen David Cairo
14%
No matching quizzes found
Score Distribution
Percent of People with Each Score
Percentile by Number Answered
Your Score History
You have not taken this quiz